000 00684nam a2200169 a 4500
008 080331s1996 ||||||||||||||||| || u
050 _aIBRD(08)ESDM
100 _aSerageldin, Ismail
245 1 0 _aSustainability and the wealth of nations: first steps in an ongoing journey
260 _aWashington, D.C.
_bWorld Bank
_c1996
350 _a0.00
490 _aEnvironmentally Sustainable Development Studies and Monographs
650 _aSUSTAINABLE DEVELOPMENT--ARAB REGION
650 _aWEALTH
710 _aWorld Bank
995 _D0.00
_FCBU-MAIN LIBRARY (Kitwe)
_H1
_I0.00
_M1
_UAVAILABLE
_WMar 31, 2008
_ZInternational Publications
999 _c59209
_d59209